header

Using performance monitoring to improve community health (Record no. 44136)

MARC details
000 -LEADER
fixed length control field 01454nam a2200325Ia 4500
082 04 - DEWEY DECIMAL CLASSIFICATION NUMBER
Classification number 362.120973
245 00 - TITLE STATEMENT
Title Using performance monitoring to improve community health
260 ## - PUBLICATION, DISTRIBUTION, ETC. (IMPRINT)
Place of publication Washington, D.C. :
Name of publisher Institute of Medicine,
Year of publication 1996.
300 ## - PHYSICAL DESCRIPTION
Number of Pages vi, 59 p.
500 ## - GENERAL NOTE
General note Bobbie A. Berkowitz, Thomas S. Inui, Co-chair.
650 #0 - SUBJECT ADDED ENTRY--TOPICAL TERM
Topical Term Public health
700 1# - ADDED ENTRY--PERSONAL NAME
Personal name Berkowitz, Bobbie,
Personal name Inui, Thomas S.
Personal name Durch, Jane.
856 40 - ELECTRONIC LOCATION AND ACCESS
Uniform Resource Identifier http://site.ebrary.com/lib/rucke/Doc?id=10071640

No items available.

© 2026 Rongo University
Contact us: librarian | system librarian | Rongo university